MESTSKÁ KNIŽNICA GIRALTOVCE  - online katalóg 

Chíramov kľúč (Record no. 23188)

000 -NÁVESTIE
fixed length control field 01868cam a2200553 a 4500
001 - EVIDENČNÉ ČÍSLO ZÁZNAMU - Kontrolné číslo
control field vtls001484245
005 - DÁTUM A ČAS POSLEDNEJ TRANSAKCIE
control field 20220421130512.0
008 - ÚDAJE S PEVNOU DĹŽKOU – VŠEOBECNÉ INFORMÁCIE
fixed length control field 171201s2003 xo ob grn 00000dslo
020 ## - MEDZINÁRODNÉ ŠTANDARDNÉ ČÍSLO KNIHY (ISBN)
Medzinárodné štandardné číslo knihy (ISBN) 8088993709
Qualifying information (viazané)
035 ## - Iný štandardný identifikátor
Iný štandardný identifikátor SNK000439539
040 ## - ZDROJ KATALOGIZÁCIE
Pôvodná katalogizujúca agentúra SNK
Jazyk katalogizácie slo
Prepisujúca agentúra SNK
Konvencie popisu AACR2
041 1# - KÓD JAZYKA
Kód jazyka textu/zvukovej stopy alebo samostatných nápisov slo
Kód jazyka originálu a/alebo sprostredkujúcich prekladov textu eng
044 ## - KÓD KRAJINY VYDAVATEĽA/PRODUCENTA
Kód krajiny MARC xo
Kód krajiny ISO SK
072 #7 - KÓD PREDMETOVEJ KATEGÓRIE
Kód predmetovej kategórie 2
Pododdiel kódu predmetovej kategórie Náboženstvo
Zdroj konspekt
080 ## - ČÍSLO MEDZINÁRODNÉHO DESATINNÉHO TRIEDENIA (MDT)
Číslo Medzinárodného desatinného triedenia (MDT) 091.13(=411.16)
Identifikátor vydania 2011
080 ## - ČÍSLO MEDZINÁRODNÉHO DESATINNÉHO TRIEDENIA (MDT)
Číslo Medzinárodného desatinného triedenia (MDT) 27-788.435
Identifikátor vydania 2011
080 ## - ČÍSLO MEDZINÁRODNÉHO DESATINNÉHO TRIEDENIA (MDT)
Číslo Medzinárodného desatinného triedenia (MDT) 316.722(3)
Identifikátor vydania 2011
080 ## - ČÍSLO MEDZINÁRODNÉHO DESATINNÉHO TRIEDENIA (MDT)
Číslo Medzinárodného desatinného triedenia (MDT) 251
Identifikátor vydania 2011
080 ## - ČÍSLO MEDZINÁRODNÉHO DESATINNÉHO TRIEDENIA (MDT)
Číslo Medzinárodného desatinného triedenia (MDT) (5-15)
Identifikátor vydania 2011
080 ## - ČÍSLO MEDZINÁRODNÉHO DESATINNÉHO TRIEDENIA (MDT)
Číslo Medzinárodného desatinného triedenia (MDT) (0.062)
Identifikátor vydania 2011
080 ## - ČÍSLO MEDZINÁRODNÉHO DESATINNÉHO TRIEDENIA (MDT)
Číslo Medzinárodného desatinného triedenia (MDT) 061.251
Identifikátor vydania 2011
080 ## - ČÍSLO MEDZINÁRODNÉHO DESATINNÉHO TRIEDENIA (MDT)
Číslo Medzinárodného desatinného triedenia (MDT) 2-5
Identifikátor vydania 2011
080 ## - ČÍSLO MEDZINÁRODNÉHO DESATINNÉHO TRIEDENIA (MDT)
Číslo Medzinárodného desatinného triedenia (MDT) 091"652"
Identifikátor vydania 2011
080 ## - ČÍSLO MEDZINÁRODNÉHO DESATINNÉHO TRIEDENIA (MDT)
Číslo Medzinárodného desatinného triedenia (MDT) 2-252
Identifikátor vydania 2011
080 ## - ČÍSLO MEDZINÁRODNÉHO DESATINNÉHO TRIEDENIA (MDT)
Číslo Medzinárodného desatinného triedenia (MDT) 27-874
Identifikátor vydania 2011
100 1# - OSOBNÉ MENÁ – VŠEOBECNÉ INFORMÁCIE
Osobné meno Knight, Chris,
Dátumy súvisiace s menom 1950-
Kód roly aut
-- 2825
240 14 - UNIFIKOVANÝ NÁZOV
Unifikovaný názov The Hiram key
Jazyk diela Slovensky
245 10 - NÁZOV
Názov Chíramov kľúč
Zvyšok názvu faraóni, slobodomurári a objav tajných zvitkov
Údaj o zodpovednosti atď. Chris Knight, Robert Lomas ; [z anglického originálu preložila Zuzana Ladzianska]
250 ## - ÚDAJ O PORADÍ VYDANIA
Údaj o poradí vydania 1. vyd.
260 ## - VYDAVATEĽSKÉ ÚDAJE, DISTRIBÚCIA ATĎ.
Miesto publikovania, distribúcie atď. Bratislava
Názov vydavateľa, distibútora atď. Remedium
Dátum publikovania, distribúcie atď. 2003
300 ## - FYZICKÝ POPIS
Rozsah 416 strán, 16 nečíslovaných strán obrazových príloh
Ďalšie fyzické detaily fotografie, mapy
Rozmery 21 cm
500 ## - VŠEOBECNÁ POZNÁMKA
Formátovaná poznámka o obsahu Obsahuje biografické údaje
600 07 - PRIDANÝ VSTUP – PREDMET – OSOBNÉ MENO
Osobné meno Ježiš Kristus
Zdroj hesla alebo termínu SNKMA
-- 2826
630 07 - PRIDANÝ VSTUP – PREDMET – UNIFIKOVANÝ NÁZOV
Unifikovaný názov Kumránske zvitky
Zdroj hesla alebo termínu SNKPH
-- 2827
650 07 - PRIDANÝ VSTUP – PREDMET – TEMATICKÉ HESLO
Tematické heslo alebo geografický názov ako vstupný prvok slobodomurárstvo
Zdroj hesla alebo termínu SNKPH
-- 2828
650 07 - PRIDANÝ VSTUP – PREDMET – TEMATICKÉ HESLO
Tematické heslo alebo geografický názov ako vstupný prvok templári
Zdroj hesla alebo termínu SNKPH
-- 2829
650 07 - PRIDANÝ VSTUP – PREDMET – TEMATICKÉ HESLO
Tematické heslo alebo geografický názov ako vstupný prvok staroveké civilizácie
Zdroj hesla alebo termínu SNKPH
-- 2830
650 07 - PRIDANÝ VSTUP – PREDMET – TEMATICKÉ HESLO
Tematické heslo alebo geografický názov ako vstupný prvok egyptské náboženstvo
Zdroj hesla alebo termínu SNKPH
-- 2831
650 07 - PRIDANÝ VSTUP – PREDMET – TEMATICKÉ HESLO
Tematické heslo alebo geografický názov ako vstupný prvok rituály a obrady
Zdroj hesla alebo termínu SNKPH
-- 2832
650 07 - PRIDANÝ VSTUP – PREDMET – TEMATICKÉ HESLO
Tematické heslo alebo geografický názov ako vstupný prvok staroveké rukopisy
Zdroj hesla alebo termínu SNKPH
-- 2833
650 07 - PRIDANÝ VSTUP – PREDMET – TEMATICKÉ HESLO
Tematické heslo alebo geografický názov ako vstupný prvok apokryfy
Zdroj hesla alebo termínu SNKPH
-- 2834
650 07 - PRIDANÝ VSTUP – PREDMET – TEMATICKÉ HESLO
Tematické heslo alebo geografický názov ako vstupný prvok gnosticizmus
Zdroj hesla alebo termínu SNKPH
-- 2835
651 #7 - PRIDANÝ VSTUP – PREDMET – GEOGRAFICKÝ NÁZOV
Geografický názov Blízky východ
Zdroj hesla alebo termínu SNKPHgeo
-- 2836
655 #7 - INDEXAČNÝ TERMÍN – ŽÁNER/FORMA
Údaje o žánri/forme alebo termín, ktorý je prvok fazety populárno-náučné publikácie
Zdroj termínu SNKPH
-- 1486
700 1# - PRIDANÝ VSTUP – OSOBNÉ MENO
Osobné meno Lomas, Robert,
Dátumy súvisiace s menom 1947-
Kód roly aut
-- 2837
700 1# - PRIDANÝ VSTUP – OSOBNÉ MENO
Osobné meno Ladzianska, Zuzana
Kód roly trl
-- 2838
958 ## - Formálny deskriptor
Formálny deskriptor NB
958 ## - Formálny deskriptor
Formálny deskriptor OP
Holdings
Stav stiahnutia (Blokovanie) (Withrawn status) Stav straty Zdroj klasifikácie pre skladovanie Stav poškodenia (Damaged status) Nie pre výpožičky (Not for loan) Spôsob nadobudnutia (Collection code) Trvalé umiestnenie Aktuálne umiestnenie Dátum nadobudnutia Inventárne číslo (prírastkové číslo) Celkom výpožičky Celkom prolongácie (predĺženia) Full call number Čiarový kód Dátum posledného výskytu Dátum poslednej výpôžičky Cena s účinnosťou od Typ jednotky Koha
          Dar Mestská knižnica Giraltovce Mestská knižnica Giraltovce 2022-04-21 21535 6 1 S1508 S1508 2025-11-21 2025-11-03 2022-04-21 Odborná literatúra pre dospelých

Powered by Koha